| 000 | 00638cam a22002173a 4500 | ||
|---|---|---|---|
| 001 | 38616 | ||
| 003 | PGUSA | ||
| 005 | 20140828083842.0 | ||
| 008 | 120118s2012||||xxu|||||s|||||000 | eng d | ||
| 040 |
_aPGUSA _beng |
||
| 042 | _adc | ||
| 100 | 1 |
_aTolstoy, Leo, graf, _d1828-1910 |
|
| 245 | 1 | 0 |
_aWhere Love Is There God Is Also _h[electronic resource] / _cLeo, graf Tolstoy |
| 260 |
_bProject Gutenberg, _c2012 |
||
| 506 | _aPublic domain in the USA. | ||
| 516 | _aElectronic text | ||
| 700 | 1 |
_aDole, Nathan Haskell, _d1852-1935 |
|
| 830 | 0 |
_aProject Gutenberg _v38616 |
|
| 856 | 4 | 0 | _uhttp://www.gutenberg.org/ebooks/38616 |
| 942 | _cEB | ||
| 999 |
_c267870 _d267870 |
||